| 000 | 00797nam a2200229 a 4500 | ||
|---|---|---|---|
| 005 | 20241012063924.0 | ||
| 008 | 030825s1997 mx r 000 0 spa d | ||
| 020 | _a9508081236 | ||
| 035 | _aUPN01000128156 | ||
| 049 | _aCG | ||
| 050 | 4 |
_aLB1028.43 _bS3.3 |
|
| 100 | 1 | _aSan Martín, Patricia S. | |
| 245 | 1 | 0 |
_aEducación artística y tecnológica : _bla expresión sonora y la computadora : educación inicial E.G.B. / _cPatricia S. San Martín. |
| 260 |
_aRosario, Arg. : _bHomosapiens, _cc1997. |
||
| 300 |
_a171 p. : _bil. + _e3 disquetes ; 3 1/2 plg. |
||
| 440 | 0 | _aEducación | |
| 500 | _aIncluye 3 disquetes: 1 para tobogán y dos para el tren al sur | ||
| 650 | 4 |
_aComputadoras en la educación _94976 |
|
| 650 | 4 |
_aJuegos educativos _93952 |
|
| 905 | _aLibro | ||
| 999 |
_c100335 _d100335 |
||